| 000 | 00639nam a22001937a 4500 | ||
|---|---|---|---|
| 008 | 130429t mx||||| |||| 00| 0 spa d | ||
| 050 |
_aHM621 _bC65 1980 |
||
| 100 | 1 | _aColombres, Adolfo | |
| 245 | 1 | 0 |
_aManual del promotor cultural / _cAdolfo Colombres |
| 250 | _a1a ed. | ||
| 260 |
_aMéxico : _bCentro Cultural Mazahua, _c1980 |
||
| 300 |
_av. ; _c20 cm. |
||
| 504 | _aIncluye índice | ||
| 505 |
_aContenido: _gV.II |t. La acción práctica -- V.III |t Documentos y materiales de trabajo-- |
||
| 650 | 4 |
_aCultura popular _zAmerica Latina |
|
| 650 | 4 | _aParticipación social | |
| 650 | 4 | _aIndios de México | |
| 942 |
_2lcc _cLIB |
||
| 999 |
_c37292 _d37292 |
||